| 000 | 00688nam a22002417a 4500 | ||
|---|---|---|---|
| 003 | CHAP | ||
| 005 | 20220901152411.0 | ||
| 008 | 971013s r 00010 d | ||
| 010 | _a21976 | ||
| 011 | _a22948 | ||
| 035 | _a27043 | ||
| 040 | _cCHAP | ||
| 090 | _aR-2101 | ||
| 110 |
_aAssociation of College and Research Libraries _98159 |
||
| 245 | _aStandards for junior college libraries | ||
| 500 | _aSobretiro de: College and Research Libraries May, 1960 pp. 200-206 | ||
| 590 |
_aBATCH-UPD _b10 _c20130110 |
||
| 590 |
_aCONVERSION _b10 _c20130109 |
||
| 650 | 1 | 4 |
_aBibliotecas escolares. _912548 |
| 901 | _aBK | ||
| 942 |
_cREIMP _2local |
||
| 949 |
_bBC _cR _d-62485 _eB _i27043 _si |
||
| 999 |
_c21976 _d21976 |
||